Âm nhạc trong hát bả trạo ở Hội An, Quảng Nam
Hát Bả trạo ở Hội An, Quảng Nam; Những vấn đề về thơ văn và hình thức diễn xướng. Đặc điểm âm nhạc
Salvato in:
| Autore principale: | |
|---|---|
| Altri autori: | |
| Natura: | Libro |
| Pubblicazione: |
Huế
Học viện âm nhạc Huế
2014
|
| Soggetti: | |
| Tags: |
Aggiungi Tag
Nessun Tag, puoi essere il primo ad aggiungerne! !
|
| Thư viện lưu trữ: | Mạng thư viện Đại học Đà Nẵng |
|---|
| LEADER | 01428nam a2200325 4500 | ||
|---|---|---|---|
| 001 | 000024650 | ||
| 003 | 21138 | ||
| 005 | 20161221101213.0 | ||
| 008 | 161216s2014 sd | ||
| 082 | 1 | 4 | |a 781.6 |b HO-P |
| 100 | 1 | |a Hoàng Đình Phương | |
| 245 | 1 | |a Âm nhạc trong hát bả trạo ở Hội An, Quảng Nam |c Hoàng Đình Phương ; Nguyễn Trọng Anh hướng dẫn |k Luận văn cao học | |
| 260 | |a Huế |b Học viện âm nhạc Huế |c 2014 | ||
| 300 | |a 95 tr. ; phụ lục 66 tr. |b Hình ảnh mh. |c 29 cm. |e Tóm tắt | ||
| 500 | |a Luận văn thạc sĩ Âm nhạc học. | ||
| 520 | 3 | |a Hát Bả trạo ở Hội An, Quảng Nam; Những vấn đề về thơ văn và hình thức diễn xướng. Đặc điểm âm nhạc | |
| 650 | 0 | 4 | |a Âm nhạc |v Luận văn thạc sĩ |x Hát bả trạo |z Quảng Nam |
| 653 | |a Âm nhạc | ||
| 653 | |a Hát bả trạo | ||
| 700 | 1 | |a Nguyễn Trọng Anh |c PGS.TS. |e Hướng dẫn | |
| OWN | |a LSP | ||
| AVA | |a UDN50 |b LSP |d 781.6 HO-P |e available |t Error 5001 Not defined in file expand_doc_bib_avail. |f 1 |g 0 |h N |i 0 |k 1 | ||
| 999 | |a From the UDN01 | ||
| AVA | |a UDN50 |b LSP |d 781.6 HO-P |e available |t Error 5001 Not defined in file expand_doc_bib_avail. |f 1 |g 0 |h N |i 0 |k 1 | ||
| TYP | |a Monograph | ||
| TYP | |a Printed language | ||
| 980 | |a Mạng thư viện Đại học Đà Nẵng | ||